| 000 | 00384nam a22001457a 4500 | ||
|---|---|---|---|
| 999 |
_c531438 _d531438 |
||
| 003 | NUST | ||
| 020 |
_a9789871316120 _qH/B. |
||
| 038 | _awaseem | ||
| 082 |
_a796.353 _bMIG |
||
| 100 |
_aMiguens, Luisa _924122 |
||
| 245 |
_aPassion & Glory: _bA Century of Argentine Polo / _cLuisa Miguens |
||
| 260 |
_aBuenos Aires: _bLetemendia casa, _c2008. |
||
| 300 | _a285 p. ; | ||
| 942 |
_2ddc _cBK |
||